000 00797nam a2200253 i 4500
001 bg
100 1 _aNAHOTKO, Sławomir
245 1 0 _aZarządzanie kosztami pracy w przedsiębiorstwie działającym w otoczeniu bezrobocia /
_cSławomir Nahotko.
260 _aGdańsk :
_bScientific Publishing Group,
_c2005.
300 _a165 s. :
_bwykr. ;
_c24 cm.
490 1 _aBiblioteka Menedżera
504 _aBibliogr.
650 9 _aKoszty pracy
_xzarządzanie
650 9 _aBezrobocie
830 _aBiblioteka Menedżera
020 _a8392107535
040 _cBPK
041 0 _apol
080 _a331.101.26:331.56/.57
920 _a83-921075-3-5
942 _cKS
008 s pl f |000 0 pol
999 _c46016
_d46016
856 _uhttp://koha.tu.koszalin.pl/cgi-bin/koha/opac-detail.pl?biblionumber=46016
_yKatalog online BPK